| 000 | 00446nam a2200157 i 4500 | ||
|---|---|---|---|
| 001 | 32574 | ||
| 003 | ES-MaACL | ||
| 005 | 20230906154609.0 | ||
| 007 | t| | ||
| 008 | 030131s1959 sp ||||1| spa d | ||
| 100 | 1 |
_aBerjillos, Miguel. _928037 |
|
| 245 | 1 | 3 |
_aEl romancero de Velez Málaga / _cMiguel Berjillos. |
| 260 |
_aMálaga : _b[s.n., _c1959] ( _fGráf. López López) |
||
| 300 |
_a94 p. ; _c21 cm. |
||
| 852 |
_aES-MaACL _jC-17729 _bR.45787 |
||
| 999 |
_c32574 _d32574 |
||